T+ing Words in Titles Quiz Stats

 Plays Quiz not verified by Sporcle

Score 0/14 Timer 03:00
0 Plays Today
% Correct
Thanksgiving
93.2%
Thinking
93%
Talking
92.8%
Trying
89.6%
Thing
89.4%
Trading
87.3%
Tenzing
87.1%
% Correct
Turing
83.8%
Training
80.1%
Travelling
76.8%
Teaching
72.3%
Thundering
69%
Twisting
66.8%
Troubling
44.9%

You're not logged in!

Compare scores with friends on all Sporcle quizzes.
OR
Log In

Show Comments

Extras

Top Quizzes Today


Score Distribution

Your Account Isn't Verified!

In order to create a playlist on Sporcle, you need to verify the email address you used during registration. Go to your Sporcle Settings to finish the process.

Report this User

Report this user for behavior that violates our Community Guidelines.

Details: